000 00574nam a2200193Ia 4500
005 20230429105557.0
008 131103s9999 xx 000 0 und d
040 _aLoreto College
041 _aEnglish
082 _aTAG 891.44
_bTAG-DAS
100 _aDasgupta, Sashibhusan
245 _aTrayee
_b Balmiki o Kalidas; Kalidas o Rabindranath
_cSashibhusan Dasgupta
260 _aCalcutta
_bMitralay
_c1957
300 _a252p
650 _aTagore, Rabindranath, 1861-1941 - Criticism and Interpretation
651 _aBengali Literature
850 _aLCLIB
942 _cBK
999 _c16934
_d67413